|
|
|
|
| LEADER |
00830nta a2200193 i 4500 |
| 001 |
dipl133109 |
| 005 |
20230320084550.0 |
| 008 |
230317s2009 hu om 0|| rus d |
| 040 |
|
|
|a SZTE Diploma Repozitórium
|b hun
|
| 041 |
|
|
|a rus
|
| 100 |
1 |
|
|a Zsilován Beáta
|
| 245 |
1 |
0 |
|a Анализ стихотворений в прозе И. С. Тургенева, относящися к крестьянству
|h [elektronikus dokumentum] /
|c Beáta Zsilován
|
| 246 |
1 |
0 |
|a I. Sz. Turgenyev a paraszti réteggel kapcsolatos prózai költeményeinek elemzése
|h [elektronikus dokumentum]
|
| 260 |
|
|
|c 2009
|
| 650 |
|
4 |
|a Bölcsészettudományok
|
| 650 |
|
4 |
|a Humanities
|
| 650 |
|
4 |
|a Languages and Literature
|
| 700 |
1 |
|
|a Bagi Ibolya
|e ths
|
| 856 |
4 |
0 |
|u https://diploma.bibl.u-szeged.hu/id/eprint/133109/1/2009_zsilovan_beata.pdf
|z Dokumentum-elérés
|